Traité de zoologie / (Record no. 161963)
[ view plain ]
| 000 -LEADER | |
|---|---|
| campo de control de longitud fija | 01077nam a22002295i 4500 |
| 001 - NÚMERO DE CONTROL | |
| campo de control | 161963 |
| 003 - IDENTIFICADOR DE NÚMERO DE CONTROL | |
| campo de control | ES-MaACL |
| 005 - FECHA Y HORA DE LA ÚLTIMA TRANSACCIÓN | |
| campo de control | 20250814033438.0 |
| 008 - DATOS DE LONGITUD FIJA--INFORMACIÓN GENERAL | |
| campo de control de longitud fija | 041026m18931897fr a |||| | fre d |
| 040 ## - FUENTE DE CATALOGACIÓN | |
| Centro catalogador/agencia de origen | CAM |
| Lengua de catalogación | spa |
| Centro/agencia transcriptor | CAM |
| 100 1# - ENTRADA PRINCIPAL--NOMBRE DE PERSONA | |
| Nombre de persona | Perrier, Edmond. |
| 9 (RLIN) | 91351 |
| 245 10 - MENCIÓN DEL TÍTULO | |
| Título | Traité de zoologie / |
| Mención de responsabilidad, etc. | par Edmond Perrier. |
| 260 ## - PUBLICACIÓN, DISTRIBUCIÓN, ETC. | |
| Lugar de publicación, distribución, etc. | Paris : |
| Nombre del editor, distribuidor, etc. | G. Masson, éditeur, |
| Fecha de publicación, distribución, etc. | 1893-1897 ( |
| Lugar de fabricación/manufactura | Coulommiers : |
| Fabricante | Imp. Paul Brodard) |
| 300 ## - DESCRIPCIÓN FÍSICA | |
| Extensión | 2 v. : |
| Otras características físicas | il. ; |
| Dimensiones | 24 cm. |
| 490 1# - MENCIÓN DE SERIE | |
| Mención de serie | Cours complet d'histoire naturelle |
| 505 8# - NOTA DE CONTENIDO CON FORMATO | |
| Nota de contenido con formato | T. I. Fascicule I. Zoologie générale ; Fasc. II. Protozoaires et phytozoaires ; Fasc. III. Arthropodes (1352 p.) -- T. II. Fasc. IV. Vers, Mollusques ; Fasc. V. Amphioxus, Tuniciers ; Fasc. VI. Poissons ( p. 1346-2726) |
| 596 ## - NOTA AL PIE DE IMPRENTA | |
| NOTA AL PIE DE IMPRENTA | En el T. II. en pie de imp. consta : Masson et C., éditeurs. |
| 650 #7 - PUNTO DE ACCESO ADICIONAL DE MATERIA--TÉRMINO DE MATERIA | |
| Término de materia o nombre geográfico como elemento de entrada | Zoología |
| Fuente del encabezamiento o término | embne |
| 9 (RLIN) | 17868 |
| 830 0# - PUNTO DE ACCESO ADICIONAL DE SERIE-TÍTULO UNIFORME | |
| Título uniforme | Cours complet d'histoire naturelle |
| 9 (RLIN) | 188615 |
| 852 ## - LOCALIZACIÓN | |
| Ubicación | ES-MaACL |
| Número de control de estantería | D-530-531 |
| Nota libre | -- Enc. pasta española, conservando la cub. original |
| -- | -- Sólo hasta el fasc. VI |
| Estatus retirado | Estado de pérdida | Estado de daño | No para préstamo | Colección | Biblioteca de origen | Biblioteca actual | Ubicación en estantería | Fecha de adquisición | Fuente de adquisición | Total de préstamos | Signatura topográfica completa | Código de barras | Visto por última vez | Precio de reemplazo | Tipo de ítem Koha |
|---|---|---|---|---|---|---|---|---|---|---|---|---|---|---|---|
| Libros del s. XIX | Biblioteca del Ateneo de Madrid | Biblioteca del Ateneo de Madrid | Sala Valle Inclán | 17/01/2008 | D-530-531 | 901169661 | 23/02/2023 | 23/02/2023 | Libro impreso antiguo |
